| 000 | 01117njm a22002897a 4500 | ||
|---|---|---|---|
| 005 | 20100918123221.0 | ||
| 006 | a|||||r|||||00| 0 | ||
| 007 | sd ammalaaahaa | ||
| 008 | 100907t xxu||||| |||| 00| 0 eng d | ||
| 028 | _aSflp-1143 | ||
| 035 | _aGR-03882 | ||
| 100 |
_aShabbir Kumar _918693 |
||
| 245 |
_aLoha / _cby Shabbir Kumar ; music by Farook Qaiser; lyric by Laxmikant Pyarelal _h[Sound recording] |
||
| 246 | _aलोहा/शब्बीर कुमार द्वारा | ||
| 260 |
_aDum Dum, India _bSocar _c1984 |
||
| 300 |
_a1 sound disc [Gramophone Recording] _banalog, 33 1/3rpm ; _c12 in. (LP) _fGramaphone Records |
||
| 500 | _aBrief record | ||
| 500 | _aRecord Lables : Socar, Red | ||
| 505 | _aSide-१ Tu ladki number one hai Side--2 Hum garibo ne tera(Shailendra Singh,Mohd Aziz and Suresh Wadkar), | ||
| 600 | _2Madhurani | ||
| 650 |
_aGhazals _xExcerpts _zIndia _918694 |
||
| 700 |
_aFarook Qaiser _920661 |
||
| 700 |
_aPyarelal, Laxmikant _920662 |
||
| 700 | _920746 | ||
| 942 |
_2ddc _cGR |
||
| 999 |
_c46908 _d46908 |
||